Statistiques concernant Les meilleurs passeurs en Ligue 1 (depuis 2008)

Cliquez ici pour prendre le quiz!

Statistiques générales

  • Ce quiz a été pris 312 fois
  • Le résultat moyen est 12 sur 30

Statistiques - réponses

Clubs ou ils ont jouéJoueursPasses% Correct
Saint Etienne / Lille / MarseilleDimitri Payet74
96%
ParisAngel Di Maria41
80%
Marseille / LyonMathieu Valbuena49
75%
Bordeaux / Lyon / RennesYoann Gourcuff37
75%
ParisZlatan Ibrahimovic37
70%
Bastia / MarseilleFlorian Thauvin34
69%
ParisMarco Verratti28
69%
LyonNabil Fekir27
59%
LilleEden Hazard32
58%
ParisJavier Pastore41
54%
Rennes / Lyon / Guingamp / BordeauxJimmy Briand43
51%
Sochaux / Lille / Dijon / ReimsMarvin Martin46
43%
Sochaux / Bastia / MontpellierRyad Boudebouz52
43%
Caen / Saint EtienneRomain Hamouma39
41%
Bastia / Bordeaux / Rennes / Saint EtienneWahbi Khazri24
40%
Nancy / Rennes / CaenJulien Feret48
39%
Monaco / ParisNene26
37%
ParisLucas Moura29
34%
Lorient / Paris / LyonChristophe Jallet27
32%
Caen / MonacoThomas Lemar24
31%
Montpellier / MarseilleMorgan Sanson24
30%
LyonMemphis Depay24
28%
Valenciennes / Lyon / BastiaGael Danic37
24%
Valenciennes / Saint Etienne / MetzRenaud Cohade38
16%
MonacoJoao Moutinho26
12%
Lorient / Marseille / Lille / RennesMorgan Amalfitano31
10%
Lyon / Nice / MontpellierAnthony Mounier40
7%
Lorient / MetzYann Jouffre32
7%
Monaco / Caen / Nancy / Saint EtienneYohan Mollo28
7%
BordeauxBenoit Tremoulinas25
3%

Distribution des résultats

Percentile par nombre de réponses

% des personnes avec chaque résultat

Votre développement - résultats

Vous n’avez pas pris ce quiz